Представление документа в формате RUSMARC

ПолеНазваниеЗначение
  Тип записи a
  Библиографический уровень m
001 Контрольный номер RU/CBS_UL/BASE/699103248
005 Дата корректировки 20240209175034.7
010 Индекс ISBN __
d Цена 34 р. 40 к.
9 Тираж экз.
100 Данные общей обработки __
a Данные общей обработки 20140729d2014 ||| 0rusy0189 ca
101 Язык документа 0_
a Язык текста rus
102 Страна публикации __
a Страна публикации RU
105 Кодированные данные (монография) __
a Кодированные данные (монография) y###||||000|y
181 Поле кодированных данных: вид содержания _1
a Код вида содержания (ISBD) i#
b Код характеристики содержания (ISBD) #xxe##
d i
g x
h x
i e
182 Поле кодированных данных: тип средства _1
a Код типа средства (ISBD) n
2 Код системы (источник кода, отличный от ISBD) isbdmedia
200 Заглавие и сведения об ответственности 1_
a Заглавие Отцы и дети
b Общее обозначение материала Текст
e Сведения, относящиеся к заглавию роман
e Сведения, относящиеся к заглавию школьникам для подготовки к урокам литературы
f Первые сведения об ответственности И. С. Тургенев
w Текст (визуальный) : непосредственный
203 Вид содержания и тип средства __
a Вид содержания Текст
b Характеристика содержания визуальный
c Тип средства непосредственный
210 Выходные данные 1_
a Место издания Москва
c Издательство Стрекоза-Пресс
d Дата издания 2004
215 Физическое описание __
a Объем 255 с.
d Формат см.
225 Серия 0_
a Серия Классика для школы
300 Общие примечания __
a Общие примечания Под инв. номером 99044: 4-1
333 Примечание о целевом назначении __
a Примечание о целевом назначении 12+
606 Тематические рубрики 0_
a Основная рубрика Русская литература, 19 в. - Проза
610 Ключевые слова 0_
a Ключевые слова русская классика
a Ключевые слова проблемы отцов и детей
a Ключевые слова стихотворения в прозе
a Ключевые слова первая любовь
a Ключевые слова нигилизм
a Ключевые слова конфликт поколений
a Ключевые слова природа
a Ключевые слова охота
a Ключевые слова произведения школьной программы
686 Индексы других классификаций __
a Классификационный индекс 84(2Рос=Рус)1
2 Код системы ББК
700 Автор _0
a Фамилия Тургенев
b Имя (инициалы) Иван Сергеевич
g Полное личное имя И. С.
801 Источник записи _0
a Страна RU
b Организация МБУК ЦБС г. Ульяновска
c Дата составления 20140729
g Правила каталогизации RCR
801 Источник записи _1
a Страна RU
b Организация МБУК ЦБС г. Ульяновска
c Дата составления 20140729
g Правила каталогизации RCR
899 Данные о местонахождении __
i Авторский знак Т 87
j Расстановочный фильтр Р1
901 Тип документа __
t Тип документа m
910 Корректоры записи __
a Корректор записи Тургенева